| 000 | 01185nam a22002657a 4500 | ||
|---|---|---|---|
| 005 | 20160316170528.0 | ||
| 008 | 160316b2010 ck ado fr|||| 001 0 spa d | ||
| 020 | _a9789589187968 | ||
| 040 |
_aCO-BoIAVH _cCO-BoIAVH |
||
| 041 | 0 | _aspa | |
| 044 | _ack | ||
| 082 | 0 | 4 |
_a333.95716 _bP69a |
| 245 | 0 | 0 |
_aPlan de acción para la conservación de los anfibios del departamento del Valle del Cauca / _ceditado por German Corredor Londoño [y otros 5] |
| 260 |
_aSantiago de Cali : _bCVC : _bFundación Zoológica de Cali : _bUnivalle, _c2010. |
||
| 300 |
_a44 páginas : _bilustraciones, tablas, gráficas y fotografías a color ; _c28 x 20 centímetros |
||
| 650 | 6 |
_aAnfibios _zValle del Cauca (Departamento, Colombia) |
|
| 650 | 6 |
_aAnfibios _xconservación _zValle del Cauca (Departamento, Colombia) |
|
| 700 | 1 |
_aCorredor Londoño, Germán _eeditor |
|
| 700 | 1 |
_aVelásquez Escobar, Beatriz _eeditora |
|
| 700 | 1 |
_aVelasco Vinasco, Julián Andrés _eeditor |
|
| 700 | 1 |
_aCastro Herrera, Fernando _eeditor |
|
| 700 | 1 |
_aBolivar García, Wilmar _eeditor |
|
| 700 | 1 |
_aSalazar-Valencia, Martha Lucía _eeditora |
|
| 942 |
_2ddc _cLIBRO |
||
| 999 |
_c18227 _d18227 |
||